|
|
|
|
| LEADER |
01294nam#a22003855a#4500 |
| 001 |
017687 |
| 005 |
20160721154045.0 |
| 008 |
060220s2001####ag#######b####001#0#spa#d |
| 020 |
|
|
|a 9505375670
|
| 082 |
0 |
4 |
|a 657
|2 21
|
| 099 |
|
|
|a 08-C29
|
| 245 |
0 |
2 |
|a Sistemas contables
|c Osvaldo A. Chaves ... [et al.].
|
| 260 |
|
|
|a Buenos Aires :
|b Macchi,
|c 2001.
|
| 300 |
|
|
|a xliii,427 p. :
|b gráficos ;
|c 23 cm.
|
| 504 |
|
|
|a Incluye referencias bibliográficas e índice.
|
| 650 |
|
7 |
|a Contabilidad
|2 Spines
|
| 650 |
|
7 |
|a Gastos
|2 Spines
|
| 650 |
|
7 |
|a Contabilidad de costos
|2 Spines
|
| 650 |
|
7 |
|a Compras
|2 Spines
|
| 650 |
|
7 |
|a Ventas
|2 Spines
|
| 650 |
|
7 |
|a Productos
|2 Spines
|
| 650 |
|
7 |
|a Inversiones
|2 Spines
|
| 650 |
|
7 |
|a Impuestos
|2 Spines
|
| 650 |
|
7 |
|a Inflación
|2 Spines
|
| 700 |
1 |
|
|a Chaves, Osvaldo A
|
| 700 |
1 |
|
|a Chyrikins, Héctor
|
| 700 |
1 |
|
|a Dealecsandris, Ricardo P
|
| 700 |
1 |
|
|a Fronti de García, Luisa
|
| 700 |
1 |
|
|a Pahlen Acuña, Ricardo J M
|
| 700 |
1 |
|
|a Viegas, Juan Carlos
|
| 929 |
|
|
|a COMPRA
|b Intelecnia
|c Exp. 827-0473/05 1a. compra
|d 40,99
|e 20060208
|j 38178
|
| 929 |
|
|
|a COMPRA
|b Intelecnia
|c Exp. 827-0473/05 1a. compra
|d 40,99
|e 20060208
|j 38179
|
| 929 |
|
|
|a COMPRA
|b Intelecnia
|c Exp. 827-0473/05 1a. compra
|d 40,99
|e 20060208
|j 38180
|
| 942 |
|
|
|c LIB
|n 0
|
| 999 |
|
|
|c 18071
|d 93458
|